[Event "NOR-ch Class2"]
[Site "Lillehammer"]
[Date "2013.06.29"]
[Round "1"]
[White "Nesheim, Geir"]
[Black "Fjeldheim, Egil Aarstad"]
[Result "1/2-1/2"]
[WhiteElo "1597"]
[BlackElo "1535"]
[PlyCount "56"]
[EventDate "2013.06.29"]
[EventType "swiss"]
[EventRounds "9"]
[EventCountry "NOR"]
[SourceTitle "EXT 2017"]
[Source "ChessBase"]
[SourceDate "2016.10.25"]
[SourceVersion "1"]
[SourceVersionDate "2016.10.25"]
[SourceQuality "1"]

1. d4 Nf6 2. c4 g6 3. g3 Bg7 4. Nf3 0-0 5. Bg2 c5 6. 0-0 cxd4 7. Nxd4 Nc6 8. Nc3 Nxd4 9. Qxd4 d6 10. Qd3 Nd7 11. b3 Nc5 12. Qd2 Rb8 13. Bb2 a6 14. Rad1 Bd7 15. b4 Na4 16. Nxa4 Bxa4 17. Bxg7 Kxg7 18. Qb2+ Kg8 19. Rd2 Qc7 20. Rc1 Rfc8 21. Rd3 Bc6 22. Rdc3 Bxg2 23. Kxg2 Qd7 24. Qc2 Rc7 25. c5 Rbc8 26. Qb3 dxc5 27. Rxc5 Rxc5 28. Rxc5 Rxc5 1/2-1/2

[Event "NOR-ch Class2"]
[Site "Lillehammer"]
[Date "2013.06.29"]
[Round "3"]
[White "Nesheim, Geir"]
[Black "Xue, Jia Qi"]
[Result "1/2-1/2"]
[WhiteElo "1597"]
[BlackElo "1579"]
[PlyCount "40"]
[EventDate "2013.06.29"]
[EventType "swiss"]
[EventRounds "9"]
[EventCountry "NOR"]
[SourceTitle "EXT 2017"]
[Source "ChessBase"]
[SourceDate "2016.10.25"]
[SourceVersion "1"]
[SourceVersionDate "2016.10.25"]
[SourceQuality "1"]

1. d4 Nf6 2. c4 e6 3. Nc3 Bb4 4. Qc2 d5 5. cxd5 exd5 6. Nf3 Nc6 7. Bg5 Qd6 8. Bxf6 Qxf6 9. e3 Bg4 10. Be2 0-0 11. 0-0 Rad8 12. a3 Bxc3 13. Qxc3 Rc8 14. b4 b6 15. Rac1 Nb8 16. Rfe1 c6 17. Ne5 Bf5 18. f3 Qd6 19. Bf1 f6 20. Nd3 Rfe8 1/2-1/2